Statistics for Mine lyrics

Click here to take the quiz!

General Stats

  • This quiz has been taken 123 times
  • The average score is 296 of 331

Answer Stats

Lyrics% Correct
a
100%
I
98%
The
98%
the
98%
you
98%
You
98%
you,
98%
are
97%
best
97%
in
97%
mine"
97%
mine
97%
of
97%
Then
97%
We
97%
we
97%
been
95%
by
95%
ever
95%
that
95%
that's
95%
thing,
95%
to
95%
careful
93%
careless
93%
daughter
93%
it?
93%
it?"
93%
it
93%
love
93%
love,
93%
me
93%
me,
93%
time,
93%
time
93%
was
93%
we're
93%
We're
93%
were
93%
with
93%
And
92%
and
92%
Do
92%
first
92%
for
92%
man's
92%
on
92%
remember
92%
remember,
92%
sittin'
92%
there
92%
water?
92%
water
92%
what
92%
your
92%
back
90%
"Can
90%
can
90%
is
90%
look
90%
made
90%
my
90%
never
90%
our
90%
around
88%
at
88%
believe
88%
now
88%
out
88%
out,
88%
part
88%
said,
88%
see
88%
a.m.
86%
arm
86%
I'm
86%
like
86%
put
86%
rebel
86%
say,
86%
say
86%
When
86%
working
86%
college,
85%
fallin'
85%
fear
85%
got
85%
hands
85%
if
85%
it's
85%
looked
85%
lyin'
85%
tables
85%
two
85%
As
83%
couch
83%
every
83%
moment,
83%
thirty
83%
waiting
83%
figure
81%
flight
81%
I've
81%
make
81%
nothin'
81%
risk,
81%
this
81%
Yes,
81%
yes,
81%
all
80%
everything
80%
fell
80%
lasts
80%
small
80%
town
80%
why
80%
Wondering
80%
fight,
78%
figured
78%
followed
78%
hard
78%
leave
78%
Left
78%
mistakes
78%
parents'
78%
we'll
78%
about
76%
alone"
76%
bills
76%
crying,
76%
"I'll
76%
pay
76%
right
76%
slipping
76%
street
76%
surprise
76%
took
76%
bother
75%
'Cause
75%
known
75%
ran
75%
sitting
75%
'cause
73%
place
73%
She
73%
things
73%
thought
73%
together
73%
goodbye,
71%
how
71%
take
71%
there's
71%
world
71%
drawer
69%
forward,
69%
into
69%
myself
69%
takin'
69%
Flash
68%
Braced
64%
felt,
64%
secrets
64%
gonna
63%
guarded
63%
learn
58%

Score Distribution

Percentile by Number Answered

Percent of People with Each Score

Your Score History

You have not taken this quiz